000 00734nam a2200289Ia 4500
005 20260324124914.0
008 008 260324s9999 xx 000 0 eng d
020 _a9781849771733
037 _aEBOOK
040 _aCRL
040 _beng
040 _cCRL
041 _2eng
041 _aeng
084 _qCRL
100 _aPascal Sanginga; Ann Waters-Bayer; Susan Kaaria; Jemimah Njuki; Chesha Wettasinha
_91175952
245 0 _aInnovation Africa
245 0 _bEnriching Farmers' Livelihoods
260 _bTaylor and Francis
260 _c2009
365 _a
365 _b145
856 _uhttp://www.taylorfrancis.com/books/9781849771733
942 _cEBOOK
999 _c1770747
_d1770747